Normal view
MARC view
Entry Personal Name
001 - CONTROL NUMBER
- control field: 23397
003 - CONTROL NUMBER IDENTIFIER
- control field: ARRUPE
005 - DATE AND TIME OF LATEST TRANSACTION
- control field: 20160324145630.0
008 - FIXED-LENGTH DATA ELEMENTS
- fixed length control field: 160324|| aca||aabn | a|a d
040 ## - CATALOGING SOURCE
- Original cataloging agency: ARRUPE
- Transcribing agency: ARRUPE
100 ## - HEADING--PERSONAL NAME
- Personal name: Skinner, Elliott P.
- Fuller form of name: (Elliott Percival),
- Dates associated with a name: 1924-2007.
670 ## - SOURCE DATA FOUND
- Source citation: Work cat.: (ARRUPE)0: Skinner, Elliott P. (Elliott Percival), 1924-2007., The Mossi of Burkina Faso :, c1989.